000 00553nam a2200205Ia 4500
003 LK-CoDNM
005 20240930104627.0
008 010623t1915 xxu||||| |||| 00| 1 eng d
040 _aLK-CoDNM
_dLK-CoDNM
_eLK-CoDNM
041 _aeng
080 _a24
_bL26
245 _aStatistical Appendix for Malabar District
260 _bGovernment Press
_aMadras
_c1915
300 _b71p. ; 24 cm
500 _aMadras District Gazetteers
650 _aStatistical Appendix for Malabar District
650 _aStatistical
650 _a24 L26
942 _cBK
999 _c88410
_d88410